Ekonomický úpadek Evropy /

Gespeichert in:
Bibliographische Detailangaben
1. Verfasser: Janáček, Kamil (Verfasst von)
Weitere Verfasser: Janáčková, Stanislava
Format: Buch
Sprache:Tschechisch
Veröffentlicht: Praha Institut Václava Klause 2017
Ausgabe:1. vyd.
Schlagworte:
Tags: Tag hinzufügen
Keine Tags, Fügen Sie das erste Tag hinzu!

MARC

LEADER 00000nam a22000003a 4500
001 0029909
003 SK-STU
005 20180112073958.2
007 ta
008 180112s ----xo-----e------000-0-----d
020 |a 978-80-7542-035-0 
022 |a 1213-3299 
040 |a STU  |b slo 
041 0 |a cze 
044 |a xr 
100 1 |a Janáček, Kamil  |4 aut 
245 1 0 |a Ekonomický úpadek Evropy /  |c aut. Kamil Janáček, Stanislava Janáčková 
250 |a 1. vyd. 
260 |a Praha  |b Institut Václava Klause  |c 2017 
650 0 7 |a hospodárska politika 
650 0 7 |a Európska únia 
700 1 |a Janáčková, Stanislava 
996 |b 284M087553  |c M* 14052-1  |l MMKN  |s A  |a 24  |w 0029909_0001